My mother (mazi maay) : (Record no. 42901)

MARC details
000 -LEADER
fixed length control field 00632nam a22002057a 4500
005 - DATE AND TIME OF LATEST TRANSACTION
control field 20100821142350.0
010 ## - LCCN (DPL NO)
LC control number ENG-101241
020 ## - INTERNATIONAL STANDARD BOOK NUMBER
Terms of availability 180.00
035 ## - SYSTEM CONTROL NUMBER
System control number EN-84774
037 ## - SOURCE OF ACQUISITION
Source of stock number/acquisition DBAD/PUB
082 ## - DEWEY DECIMAL CLASSIFICATION NUMBER
Classification number 921
100 ## - MAIN ENTRY--PERSONAL NAME
Personal name Kasbekar, Sridhar
245 ## - TITLE STATEMENT
Title My mother (mazi maay) :
Remainder of title a biography /
Statement of responsibility, etc by Shridhar Kasbekar
260 ## - PUBLICATION, DISTRIBUTION, ETC. (IMPRINT)
Place of publication, distribution, etc Pune
Name of publisher, distributor, etc Vijayraj Publication
Date of publication, distribution, etc 2010
270 ## - ADDRESS
City Pune
300 ## - PHYSICAL DESCRIPTION
Extent 176p.
Dimensions 22cm (pbk)
Accompanying material photos
650 ## - SUBJECT ADDED ENTRY--TOPICAL TERM
Topical term or geographic name as entry element Biography
942 ## - ADDED ENTRY ELEMENTS (KOHA)
Source of classification or shelving scheme Dewey Decimal Classification
Item type Bengali Books
Classification part 921
Call number suffix KAS
Holdings
Withdrawn status Lost status Not for loan Collection code Home library Current library Date acquired Source of acquisition Cost, normal purchase price Full call number Barcode Copy number Cost, replacement price Koha item type
    Not For Loan Non-fiction D.B.Act.Division D.B.Act.Division 21/08/2010 DBAD/PUB 180.00 921 KAS EN-84774 1 180.00 English Books

© Delhi Public Library
Hit Counter
free hit counter